Lord of the Rings (The Aragorn Quiz) - Statistics

General Stats
  • This quiz has been taken 408 times
  • The average score is 11 of 15
Answer Stats
Hint Answer % Correct
Aragorn is the heir to what kingdom? Gondor
97%
Who did Aragorn fall in love with, and eventually wed? Arwen Undomiel
96%
Aragorn's ranger name was? Strider
94%
Aragorn is reffered to as the heir of? (Person's name) Isildur
81%
Where did Aragorn and Company encounter Gandalf the White? Fangorn Forrest
78%
Gandalf employed Aragorn to track and catch who? Gollum
78%
In the books, Aragorn carries the Shards of? Narsil
75%
What companions were in that company? Legolas and Gimli
73%
He belonges to a group of rangers from the north called? The Dunedain
71%
This sword is re-forged, and is named in the elvish tongue? Anduril
69%
In the movie Aragorn (Viggo Mortensen) breaks something. What was it? His Toe
64%
Elrond gave Aragorn the Elvish name "Estel". What does this mean? Hope
51%
What does this elvish word mean? The Flame of the West
51%
What ring is Aragorn said to wear? The Ring of Barahir
41%
Growing up who were Aragorn's running mates? (Friends) Elladan and Elrohir
38%
No matching quizzes found
Score Distribution
Percent of People with Each Score
Percentile by Number Answered
Your Score History
You have not taken this quiz